Rap Rock Songs - Statistics

General Stats
  • This quiz has been taken 98 times
  • The average score is 7 of 16
Answer Stats
Year Band Song % Correct
2003 Linkin Park Numb
69%
2000 Linkin Park In the End
68%
1991 Rage Against the Machine Killing in the Name
63%
1986 Run-DMC Walk This Way
58%
2000 Papa Roach Last Resort
57%
1996 Rage Against the Machine Bulls on Parade
46%
1994 Beastie Boys Sabotage
43%
1991 Red Hot Chili Peppers Give It Away
42%
1999 Crazy Town Butterfly
37%
2002 Eminem Lose Yourself
36%
1989 Faith No More Epic
31%
2004 Jay-Z 99 Problems
29%
1999 Limp Bizkit Nookie
29%
2001 Sum 41 Fat Lip
27%
1998 Kid Rock Bawitdaba
16%
1995 311 Down
15%
No matching quizzes found
Score Distribution
Percent of People with Each Score
Percentile by Number Answered
Your Score History
You have not taken this quiz